| 000 | 01215nam a22002415i 4500 | ||
|---|---|---|---|
| 001 | 163978 | ||
| 003 | ES-MaACL | ||
| 005 | 20250909203612.0 | ||
| 008 | 050727s1842 sp | |||||||| ||spa d | ||
| 040 |
_aCAM _bspa _cCAM |
||
| 080 | _a821.133.1-2"18" | ||
| 100 | 1 |
_aRosier, Joseph Bernard. _9139093 |
|
| 245 | 1 | 3 |
_aLas cartas del conde-duque _b: comedia en dos actos / _cescrita en francés por Rosier ; (acomodada a la escena española por G. F. Coll). |
| 260 |
_aMadrid : _b[s.n., _c1842?] ( _fImprenta de F. Suarez, Plaza del Celenque, 3) |
||
| 300 |
_a26 p. ; _c25 cm. |
||
| 490 | 1 |
_aMuseo dramático ó Colección de comedias del teatro estrangero, [sic] representadas en los principales de la corte ; _v1 |
|
| 500 | _aRepresentada por primera vez en Madrid en el Teatro de la Cruz el día 24 de diciembre de 1842. | ||
| 594 | _aDatos tomados de principio del texto. | ||
| 700 | 1 |
_aColl, Gaspar Fernando, _d1826-1855 _9126538 |
|
| 830 | 0 | 0 |
_aMuseo dramático ó Colección de comedias del teatro estranjero representadas en los principales teatros de la corte _v1 _9242030 |
| 852 | 1 |
_aBA _jF-7488(17) _z-- Enc. hol., falto de la cub. original en un vol. facticio |
|
| 999 |
_c163978 _d163978 |
||